Catálogo público

Probabilidad y estadística / Murray R. Spiegel ... [et al]; revisión técnica Raúl Gómez Castillo y Hever Honorato Cervantes; traducción María del Carmen Enriqueta Hano Roa y Gabriel Nagore Cázares (Record no. 217154)

MARC details
000 -CABECERA
campo de control de longitud fija 01248nam a2200289Ia 4500
001 - NÚMERO DE CONTROL
campo de control Z_6624
008 - DATOS DE LONGITUD FIJA--INFORMACIÓN GENERAL
campo de control de longitud fija 220601s9999 xx 000 0 und d
020 ## - NÚMERO INTERNACIONAL ESTÁNDAR DEL LIBRO
Número Internacional Estándar del Libro 978-607-15-0270-4
082 ## - NÚMERO DE LA CLASIFICACIÓN DECIMAL DEWEY
Número de clasificación 519.2 S65 2010
100 ## - ENTRADA PRINCIPAL--NOMBRE DE PERSONA
Nombre de persona Spiegel, Murray R.
9 (RLIN) 109217
245 ## - MENCIÓN DE TÍTULO
Título Probabilidad y estadística / Murray R. Spiegel ... [et al]; revisión técnica Raúl Gómez Castillo y Hever Honorato Cervantes; traducción María del Carmen Enriqueta Hano Roa y Gabriel Nagore Cázares
250 ## - MENCIÓN DE EDICIÓN
Mención de edición 3a ed.
260 ## - PUBLICACIÓN, DISTRIBUCIÓN, ETC.
Lugar de publicación, distribución, etc. México : McGraw-Hill
300 ## - DESCRIPCIÓN FÍSICA
Extensión 425 p.
440 ## - MENCIÓN DE SERIE/PUNTO DE ACCESO ADICIONAL--TÍTULO
Título Schaum
9 (RLIN) 102914
500 ## - NOTA GENERAL
Nota general Traducción de la obra en ingléa: Schaum´s outline of theory and problems of probability and statistics
503 ## - NOTA DE HISTORIA BIBLIOGRÁFICA (BK CF MU) [OBSOLETO]
Nota de historia bibliográfica ej.1: consumo \ ej.2: consumo \ ej.3: consumo
650 ## - PUNTO DE ACCESO ADICIONAL DE MATERIA--TÉRMINO DE MATERIA
Término de materia o nombre geográfico como elemento de entrada 1. Probabilidad -- Problemas, ejercicios, etc.
650 ## - PUNTO DE ACCESO ADICIONAL DE MATERIA--TÉRMINO DE MATERIA
Término de materia o nombre geográfico como elemento de entrada Probabilidad -- Estudio y enseñanza
650 ## - PUNTO DE ACCESO ADICIONAL DE MATERIA--TÉRMINO DE MATERIA
Término de materia o nombre geográfico como elemento de entrada Estadística matemática
9 (RLIN) 38261
700 ## - PUNTO DE ACCESO ADICIONAL--NOMBRE DE PERSONA
Nombre de persona Gómez Castillo, Raúl, rev. \ Honorato Cervantes, Hever, rev. \ Hano Roa, María del Carmen Enriqueta, tr. \ Nagore Cázares, Gabriel, tr.Ì
9 (RLIN) 184042
901 ## - ELEMENTOS DE DATOS A LOCAL LDA (RLIN)
a 519.2 S65 2010
902 ## - ELEMENTOS DE DATOS B LOCAL, LDB (RLIN)
a A
905 ## - ELEMENTOS DE DATOS E LOCAL, LDE (RLIN)
a 523227 2010 mx mnt 8221113311spa16
942 ## - ELEMENTOS DE PUNTO DE ACCESO ADICIONAL (KOHA)
Tipo de ítem Koha Libro_

No items available.